Score 0/100 Timer 15:00
0 Plays Today
Author Title % Correct
1. J.K. RowlingHarry Potter (series)
96.9%
14. Mark TwainThe Adventures of Huckleberry Finn
78.1%
21. Harper LeeTo Kill A Mockingbird
78.1%
5. John SteinbeckOf Mice and Men
71.9%
19. J.D. SalingerThe Catcher in the Rye
71.9%
36. Aldous HuxleyBrave New World
71.9%
46. Kurt VonnegutSlaughterhouse-Five
65.6%
69. Ray BradburyFahrenheit 451
65.6%
6. Maya AngelouI Know Why the Caged Bird Sings
59.4%
17. Alice WalkerThe Color Purple
59.4%
94. R.L. StineGoosebumps (series)
56.3%
8. Philip PullmanHis Dark Materials (series)
53.1%
88. Margaret AtwoodThe Handmaid’s Tale
53.1%
99. Judy BlumeAre You There, God? It’s Me, Margaret
53.1%
23. Lois LowryThe Giver
46.9%
50. Khaled HosseiniThe Kite Runner
46.9%
90. Madeline L’EngleA Wrinkle in Time
46.9%
26. Toni MorrisonBeloved
43.8%
49. Ken KeseyOne Flew Over the Cuckoo’s Nest
43.8%
74. Alice SeboldThe Lovely Bones
40.6%
13. Dav PilkeyCaptain Underpants (series)
34.4%
18. AnonymousGo Ask Alice
34.4%
15. Toni MorrisonThe Bluest Eye
31.3%
72. Toni MorrisonSong of Solomon
31.3%
28. Katherine PatersonBridge To Terabithia
28.1%
16. Judy BlumeForever
25%
66. Mildred TaylorRoll of Thunder, Hear My Cry
25%
67. John GrishamA Time to Kill
25%
10. Stephen ChboskyThe Perks of Being a Wallflower
21.9%
76. John IrvingA Prayer for Owen Meany
21.9%
81. Richard WrightBlack Boy
21.9%
3. Robert CormierThe Chocolate War
18.8%
7. Alvin SchwartzScary Stories (series)
18.8%
2. Phyllis Reynolds NaylorAlice (series)
15.6%
Author Title % Correct
43. Judy BlumeBlubber
15.6%
62. Harry AllardThe Stupids (series)
15.6%
91. Jean Craighead GeorgeJulie of the Wolves
15.6%
22. Cecily von ZiegesarGossip Girl (series)
12.5%
24. Maurice SendakIn the Night Kitchen
12.5%
32. Rudolfo AnayaBless Me, Ultima
12.5%
52. Katherine PatersonThe Great Gilly Hopkins
12.5%
65. Tim O’BrienThe Things They Carried
12.5%
75. Lois LowryAnastasia (series)
12.5%
97. Isabel AllendeThe House of the Spirits
12.5%
4. Justin Richardson/Peter ParnellAnd Tango Makes Three
9.4%
11. Walter Dean MyersFallen Angels
9.4%
12. Robie HarrisIt’s Perfectly Normal
9.4%
29. Caroline B. CooneyThe Face on the Milk Carton
9.4%
33. David GutersonSnow Falling on Cedars
9.4%
55. Bette GreenSummer of My German Soldier
9.4%
60. Laurie Halse AndersonSpeak
9.4%
71. Barbara ParkJunie B. Jones (series)
9.4%
87. Judy BlumeTiger Eyes
9.4%
9. Lauren Myraclettyl; ttfn; l8r g8r (series)
6.3%
27. James Lincoln CollierMy Brother Sam is Dead
6.3%
31. Sonya SonesWhat My Mother Doesn’t Know
6.3%
59. Kevin HenkesOlive’s Ocean
6.3%
73. Lynda MadarasWhat’s Happening to My Body Book
6.3%
85. Chris CrutcherStaying Fat for Sarah Byrnes
6.3%
86. Patricia McCormickCut
6.3%
92. Louis SacharThe Boy Who Lost His Face
6.3%
25. Lois DuncanKilling Mr. Griffen
3.1%
34. Carolyn MacklerThe Earth, My Butt, and Other Big, Round Things
3.1%
35. Louise RennisonAngus, Thongs, and Full Frontal Snogging
3.1%
39. Mark MathabaneKaffir Boy
3.1%
41. Chris CrutcherWhale Talk
3.1%
47. Dav Pilkey, George Beard and Harold HutchinsThe Adventures of Super Diaper Baby: The First Graphic Novel
3.1%
57. Annette Curtis KlauseBlood and Chocolate
3.1%
Author Title % Correct
63. Caroline B. CooneyThe Terrorist
3.1%
68. Luis RodriguezAlways Running
3.1%
78. Dr. Charles SilversteinThe Joy of Gay Sex
3.1%
80. Robert Newton PeckA Day No Pigs Would Die
3.1%
89. H.G. BissengerFriday Night Lights
3.1%
98. Iona OpteI Saw Esau
3.1%
20. Linda de HaanKing and King
0%
30. Robert CormierWe All Fall Down
0%
37. Robie HarrisIt’s So Amazing
0%
38. Michael BellasilesArming America
0%
40. E.R. FrankLife Is Funny
0%
42. AviThe Fighting Ground
0%
44. Chris CrutcherAthletic Shorts
0%
45. Jane Leslie ConlyCrazy Lady
0%
48. Alex SanchezRainbow Boys
0%
51. Lois DuncanDaughters of Eve
0%
53. Betsy FrancoYou Hear Me?
0%
54. Brock ColeThe Facts Speak for Themselves
0%
56. Julius LesterWhen Dad Killed Mom
0%
58. K.L. GoingFat Kid Rules the World
0%
61. Eric CarleDraw Me A Star
0%
64. Barbara ParkMick Harte Was Here
0%
70. Gary PaulsenHarris and Me
0%
77. Benjamin LebertCrazy: A Novel
0%
79. Johanna ReissThe Upstairs Room
0%
82. Esther DrillDeal With It!
0%
83. Marilyn ReynoldsDetour for Emmy
0%
84. Yoko WatkinsSo Far From the Bamboo Grove
0%
93. Harry AllardBumps in the Night
0%
95. Garth NixShade’s Children
0%
96. John GardnerGrendel
0%
100. E.R. FrankAmerica: A Novel
0%

You're not logged in!

Compare scores with friends on all Sporcle quizzes.
OR
Log In

Sporcle TV

Today on Sporcle TV


Watch our educational content, quiz creation guides, and fun videos on Sporcle TV.

Show Comments

Extras

Top Quizzes Today


Score Distribution

Paid Content

Your Account Isn't Verified!

In order to create a playlist on Sporcle, you need to verify the email address you used during registration. Go to your Sporcle Settings to finish the process.

Report this User

Report this user for behavior that violates our Community Guidelines.

Details: